| 000 | 00931cam a22002774a 4500 | ||
|---|---|---|---|
| 001 | 430841572 | ||
| 003 | OCoLC | ||
| 005 | 20180805212937.0 | ||
| 008 | 031212s2004 nyua j 000 1 spa | ||
| 010 | _a2003070374 | ||
| 020 | _a9781595721983 (board) | ||
| 040 |
_aDLC _cDLC _dGZD _dCoBoFLC |
||
| 041 | 1 |
_aspa _heng |
|
| 100 | 1 | _aMoreillon, Judi. | |
| 245 | 1 | 0 |
_aVamos a leer = Read to Me / _cpor Judi Moreillon ; ilustrado por Kyra Teis. |
| 260 |
_aNew York : _bStar Bright Books, _cc2004. |
||
| 300 |
_a1 v. (unpaged) : _bcol. ill. ; _c18 cm. |
||
| 500 | _aTranslation of: Read to me. | ||
| 520 | _aRhyming verses encourage parents to read and tell stories to their children. | ||
| 650 | 0 |
_aBooks and reading _vJuvenile fiction. |
|
| 650 | 0 |
_aParent and child _vJuvenile fiction. |
|
| 655 | 0 | _aBoard books. | |
| 655 | 1 |
_aSpanish language materials _xBilingual. |
|
| 700 | 1 |
_aTeis, Kyra, _eillustrator. |
|
| 942 |
_cBK _2ddc |
||
| 999 |
_c21211 _d21211 |
||